000 00352nam a2200133Ia 4500
008 240624s9999 xx 000 0 und d
041 _aeng
082 _a300.72 CAL
100 _aCALVEY DAVID
245 _aCOVERT RESEARCH THE ART POLITICS AND ETHICS OF UNDERCOVER
260 _c2017
_aNew Delhi
_bSage
300 _a235 p.; 24 cm.
365 _cBPS
_b32
999 _c29887
_d29887